Médaillés français aux jeux olympiques Paris 2024 - Statistiques

Statistiques générales
  • Ce quiz a été pris 65 fois
  • Le résultat moyen est 27 sur 64
Statistiques - réponses
Palmarès Sportifs % Correct
Champion olympique de judo catégorie+100kg Teddy Rinner
96%
Champion olympique de judo en équipe (le plus connu) Teddy Rinner
96%
Champion olympique 400x4 nages Léon Marchand
95%
Champion olympique 200x4 nages Léon Marchand
95%
Champion olympique 200m brasse Léon Marchand
95%
Champion olympique 200m papillon Léon Marchand
95%
Bronze homme équipe:natation, relais 4x100 m quatre nages (le plus connu) Léon Marchand
95%
Champion olympique rugby à 7 (le plus connu) Antoine Dupont
89%
Championne olympique de triathlon Cassandre Beaugrand
80%
Championne olympique de VTT Pauline Ferrand-Prévot
73%
Championne olympique de sabre Manon Apithy-Brunet
66%
Champion olympique de l'omnium Benjamin Thomas
63%
Champion olympique volley-ball (le plus connu) Earvin Ngapeth
61%
Champion olympique de surf Kauli Vaast
61%
Bronze homme équipe: tennis de table (frère) Alexis Lebrun
59%
Bronze homme: tennis de table, simple Félix Lebrun
59%
Vice-championne olympique de sabre Sara Balzer
59%
Champion olympique de BMX RACING Joris Daudet
55%
Bronze femme: judo, -63 kg Clarisse Agbégnénou
50%
Bronze homme: natation, 50 m nage libre Florent Manaudou
50%
Championne olympique de taekwondo catégorie+67kg Althéa Laurin
46%
Champion olympique de Canoë-slalom Nicolas Gestin
46%
Bronze femme: judo, +78 kg Romane Dicko
43%
Vice-champion olympique: pentathlon moderne Élodie Clouvel
41%
Vice-champion olypique de judo catégorie-73kg Joan-Benjamin Gaba
41%
Vice-champion olympique: cyclisme sur route, course en ligne Valentin Madouas
41%
Bronze homme: BMX Racing Romain Mahieu
39%
Bronze femme: judo, -52 kg Amandine Buchard
38%
Bronze femme: judo, -48 kg Shirine Boukli
38%
Bronze femme: tir à l'arc, épreuve individuelle Lisa Barbelin
36%
Vice-champion olympique : football (le plus connu) Alexandre Lacazette
34%
Vice-champion olympique: boxe, -63,5 kg Sofiane Oumiha
34%
Vice-champion olympique: BMX Racing Sylvain André
34%
Bronze homme: cyclisme sur route, course en ligne Christophe Laporte
32%
Vice-champion olympique d'épée Yannick Borel
32%
Vice-championne olympique : canoë slalom, kayak cross Angele Hug
30%
Vice-championne olympique: athlétisme, 100 m haies Cyrena Samba-Mayela
30%
Vice-champion olympique : canoë slalom,kayak slalom Titouan Castryck
30%
Vice-champion olympique de VTT Victor Koretzky
30%
Vice-championne olympique 1500m nage libre Anastasiia Kirpichnikova
29%
Vice-champion olympique de judo catégorie -60kg Luka Mkheidze
29%
Vice-championne olympique :escrime, épée par équipes (la plus connue) Auriane Mallo-Breton
27%
Vice-championne olympique d'épée Aurianne Mallo-breton
27%
Vice-champion olympique: boxe, -51 kg Billal Bennama
27%
Bronze homme équipe: escrime, fleuret (le plus connu) Enzo Lefort
27%
Bronze homme: triathlon, course individuelle Léo Bergère
27%
Bronze femme: judo, -57 kg Sarah-Léonie Cysique
27%
Bronze homme: taekwondo, -58 kg Cyrian Ravet
25%
Bronze homme: BMX Freestyle, park Anthony Jeanjean
23%
Bronze femme équipe: voile, skiff femmes 49er FX (la plus connue) Charline Picon
23%
Vice-championne olympique de basket (la plus connue) Gabby Williams
23%
Bronze homme équipe:escrime, sabre (le plus connu) Boladé Apithy
21%
Vice-champion olympique: breaking Dany Dann
21%
Vice-champion olympique : tir à l'arc, épreuve par équipes (le plus connu) Thomas Chirault
21%
Bronze homme: judo, -90 kg Maxime-Gaël Ngayap Hambou
20%
Bronze femme: surf Johanne Defay
18%
Vice-champion olympique : basket 3x3 (le plus connu) Franck Séguela
16%
Vice-championne olympique: voile, kite surf Lauriane Nolot
14%
Vice-championne olympique: tir, pistolet Camille Jedrzejewski
13%
Bronze homme :boxe, +92 kg Djamili-Dini Aboudou
11%
Vice-champion olympique de basket (le plus connu) Victor Wenbanyama
9%
Vice-championne olympique : handball (la plus connue) Laura Flippes
7%
Bronze homme équipe: sports équestres, saut d'obstacles (le plus connu) Simon Delestre
7%
Vice-champion olympique : sports équestres, concours complet par équipes (le plus connu) Stéphane Landois
7%
Aucun quiz correspondant
Distribution des résultats
% des personnes avec chaque résultat
Percentile par nombre de réponses
Votre historique - résultats
Vous n’avez pas pris ce quiz